Statistics for Finnish Vocabulary Quiz: Countries

Click here to take the quiz!

General Stats

  • This quiz has been taken 15 times
  • The average score is 12 of 15

Answer Stats

QuestionAnswer% Correct
IrelandIrlanti
93%
RussiaVenäjä
93%
South AfricaEtelä-Afrikka
86%
North KoreaPohjois-Korea
86%
FranceRanska
86%
SwedenRuotsi
86%
SwitzerlandSveitsi
86%
New ZealandUusi-Seelanti
86%
BelarusValko-Venäjä
86%
ThailandThaimaa
79%
TurkeyTurkki
79%
AustriaItävalta
71%
The NetherlandsAlankomaat
64%
Equatorial GuineaPäiväntasaajan Guinea
64%
KyrgyzstanKirgisia
57%

Score Distribution

Percentile by Number Answered

Percent of People with Each Score

Your Score History

You have not taken this quiz